Biochemistry - Key Terms - Statistics

General Stats
  • This quiz has been taken 28 times
  • The average score is 7 of 33
Answer Stats
Hint Answer % Correct
If two enzymes (1: Low Km, 2: High Km) at a metabolic branch point are competing for the same substrate, which one will preferably bind to the substrate? 1
58%
Reusable biological catalysts which speed up chemical reactions Enzyme
58%
Name for the chemicals on the right side of a reaction Product
58%
What would adding more substrate do to a reaction speed? Increase
50%
Name for the chemicals on the left side of a reaction Substrate
42%
Maximal rate at substrate saturation (expressed as rate of substrate conversion) Vmax
42%
Enzymatic reaction where 2 molecules are joined with the loss of water Condensation
38%
Forward and reverse reactions create kinetic ________with equal generation of both substrate/product Equilibrium
35%
Which enzyme group adds phosphate groups? Kinase
35%
Which type of regulation involves regulator molecules binding (reversibly) to regulatory sites on an enzyme and influencing the binding of substrates to the active site (in a positive or negative manner). Allosteric
31%
Reaction involving replacement of one group with another Substitution
31%
Substrate concentration for half Vmax (i.e. 50% maximal rate, expressed as concentration) Km
27%
What is the most common covalent modification, which occurs often at Ser/Thr/Tyr residues? Phosphorylation
27%
Dual oxidation and reduction reactions normally involving Co-Enzymes Redox
19%
Enzymatic reaction where 2 molecules are joined together but water is not eliminated, can also happen across a double bond Addition
15%
Which enzyme removes phosphate groups? Phosphatase
15%
Inhibitors which bind at the active site using a covalent bond and denature the enzyme permanently. Irreversible
12%
A reaction pathway which continues in a straight path Linear
12%
Inhibitors which do not change the structure of the enzyme and bind to the active or regulatory domains. Reversible
12%
Reaction involving transfer of a functional group to a substrate Transfer
12%
Enzymatic reaction where a molecule can be split (includes hydrolysis) Cleavage
8%
Vmax/Enzyme concentration Kcat
8%
Which method do eukaryotic cells use utilizing organelles to create specialised areas within the cell? Compartmentalization
4%
A reaction pathway which continues in a cycle, producing by products Cyclical
4%
What occurs from a single gene but resulting from PTMs/splice variants etc Isoforms
4%
Amount of enzyme which converts 1mole of S to P per min Kat
4%
Enzyme activity per mg of protein (measures purity) Specific activity
4%
A reaction pathway which splits Branched
0%
Chemical modification to the enzyme to increase/decrease activity (e.g phosphorylation, ubiquitinylation) Covalent control
0%
What influences the concentration of an enzyme in a cell, which can be altered depending on the availability of substrate. Genetic expression/Gene level control
0%
What occurs from different genes generating different proteins? Isoenzymes
0%
Amount of enzyme which converts 1umol of S to P per minute IU
0%
Reaction involving the changing of position of atoms and functional groups in a molecule Rearrangement
0%
No matching quizzes found
Score Distribution
Percent of People with Each Score
Percentile by Number Answered
Your Score History
You have not taken this quiz